000 00500nam a2200193Ia 4500
005 20250326141719.0
008 250326s9999 xx 000 0 und d
037 _aTextbook
040 _aFMSL
_beng
_cFMSL
041 _aeng
_2eng
084 _qFMSL
100 _aSinghania Vinod K
245 0 _aTaxmann's direct taxes law & practice 1990-91
_cSinghania Vinod K
250 _a10th
260 _aDelhi
_bDelhi, Taxmann
_c1990
300 _av..
942 _cTB
999 _c1291618
_d1291618